<?xml version="1.0" encoding="UTF-8"?>
<collection xmlns="http://www.loc.gov/MARC21/slim">
<record>
  <controlfield tag="001">161399</controlfield>
  <controlfield tag="005">20250613111159.0</controlfield>
  <datafield tag="037" ind1=" " ind2=" ">
    <subfield code="a">TAZ-TFG-2025-765</subfield>
  </datafield>
  <datafield tag="041" ind1=" " ind2=" ">
    <subfield code="a">spa</subfield>
  </datafield>
  <datafield tag="100" ind1="1" ind2=" ">
    <subfield code="a">López Velasco, Marcos</subfield>
  </datafield>
  <datafield tag="242" ind1="0" ind2="0">
    <subfield code="a">Pain management in thoracic surgery</subfield>
  </datafield>
  <datafield tag="245" ind1="0" ind2="0">
    <subfield code="a">Manejo del dolor en cirugía torácica</subfield>
  </datafield>
  <datafield tag="260" ind1=" " ind2=" ">
    <subfield code="a">Zaragoza</subfield>
    <subfield code="b">Universidad de Zaragoza</subfield>
    <subfield code="c">2025</subfield>
  </datafield>
  <datafield tag="506" ind1=" " ind2=" ">
    <subfield code="a">by-nc-sa</subfield>
    <subfield code="b">Creative Commons</subfield>
    <subfield code="c">3.0</subfield>
    <subfield code="u">http://creativecommons.org/licenses/by-nc-sa/3.0/</subfield>
  </datafield>
  <datafield tag="520" ind1=" " ind2=" ">
    <subfield code="a">Introducción. El control adecuado del dolor postoperatorio en cirugía es &lt;br />fundamental para prevenir complicaciones respiratorias, mejorar la recuperación &lt;br />funcional y reducir la estancia hospitalaria. A pesar de que la analgesia epidural &lt;br />torácica (TEA) ha sido considerada la técnica de referencia durante años, su &lt;br />perfil de seguridad desfavorable y la aparición de técnicas regionales alternativas &lt;br />han impulsado la búsqueda de estrategias analgésicas más seguras y efectivas. &lt;br />Objetivo. Realizar una revisión sistemática de la literatura con el fin de comparar &lt;br />las diferentes modalidades de manejo del dolor en cirugía torácica, evaluando &lt;br />su eficacia, seguridad, facilidad técnica, duración y riesgo de complicaciones. &lt;br />Método. Se llevó a cabo una búsqueda bibliográfica en PubMed, Scopus y &lt;br />Cochrane Library, incluyendo estudios publicados en inglés y español con texto &lt;br />completo disponible, que comparasen técnicas analgésicas en pacientes adultos &lt;br />(18-75 años) sometidos a cirugía torácica. Se seleccionaron un total de 39 &lt;br />estudios tras aplicar los criterios de inclusión y exclusión. Se realizó una síntesis &lt;br />estructurada de los resultados. &lt;br />Resultados. Los estudios incluidos muestran que técnicas como el bloqueo &lt;br />paravertebral torácico (TPVB) y el bloqueo del plano erector de la espina (ESPB) &lt;br />ofrecen una eficacia analgésica comparable a la TEA, con un perfil de seguridad &lt;br />más favorable. El bloqueo del plano del serrato anterior (SAPB) y el bloqueo &lt;br />intercostal (ICNB) presentan una eficacia menor, pero pueden resultar útiles en &lt;br />procedimientos específicos o en un enfoque multimodal. La analgesia sistémica &lt;br />se asocia a mayor riesgo de efectos adversos si se utiliza como única estrategia. &lt;br />Conclusiones. El manejo del dolor en cirugía torácica debe basarse en un &lt;br />enfoque individualizado y multimodal, integrando técnicas regionales o &lt;br />analgésicos sistémicos según las necesidades del paciente y el tipo de &lt;br />intervención. Las técnicas interfasciales representan una alternativa eficaz y &lt;br />segura, especialmente el SAPB, que requieren mayor investigación para &lt;br />consolidar su uso como estándar clínico. &lt;br />Palabras clave: analgesia regional, cirugía torácica, dolor postoperatorio, &lt;br />bloqueo interfascial, analgesia epidural torácica, revisión sistemática. &lt;br />&lt;br /></subfield>
  </datafield>
  <datafield tag="521" ind1=" " ind2=" ">
    <subfield code="a">Graduado en Medicina</subfield>
  </datafield>
  <datafield tag="540" ind1=" " ind2=" ">
    <subfield code="a">Derechos regulados por licencia Creative Commons</subfield>
  </datafield>
  <datafield tag="856" ind1="0" ind2=" ">
    <subfield code="f">796268@unizar.es</subfield>
  </datafield>
  <datafield tag="856" ind1="4" ind2=" ">
    <subfield code="s">812622</subfield>
    <subfield code="u">http://zaguan.unizar.es/record/161399/files/TAZ-TFG-2025-765.pdf</subfield>
    <subfield code="y">Memoria (spa)</subfield>
  </datafield>
  <datafield tag="909" ind1="C" ind2="O">
    <subfield code="o">oai:zaguan.unizar.es:161399</subfield>
    <subfield code="p">driver</subfield>
    <subfield code="p">trabajos-fin-grado</subfield>
  </datafield>
  <datafield tag="950" ind1=" " ind2=" ">
    <subfield code="a"></subfield>
  </datafield>
  <datafield tag="691" ind1=" " ind2=" ">
    <subfield code="a">0</subfield>
  </datafield>
  <datafield tag="692" ind1=" " ind2=" ">
    <subfield code="a"></subfield>
  </datafield>
  <datafield tag="700" ind1=" " ind2=" ">
    <subfield code="a">Gallego Ligorit, Lucía</subfield>
    <subfield code="e">dir.</subfield>
  </datafield>
  <datafield tag="700" ind1=" " ind2=" ">
    <subfield code="a">Lafuente Ojeda, Noelia</subfield>
    <subfield code="e">dir.</subfield>
  </datafield>
  <datafield tag="710" ind1="2" ind2=" ">
    <subfield code="a">Universidad de Zaragoza</subfield>
    <subfield code="b">Cirugía</subfield>
    <subfield code="c"></subfield>
  </datafield>
  <datafield tag="980" ind1=" " ind2=" ">
    <subfield code="a">TAZ</subfield>
    <subfield code="b">TFG</subfield>
    <subfield code="c">MED</subfield>
  </datafield>
  <datafield tag="999" ind1=" " ind2=" ">
    <subfield code="a">20250514171417.CREATION_DATE</subfield>
  </datafield>
  <datafield tag="951" ind1=" " ind2=" ">
    <subfield code="a">deposita:2025-06-13</subfield>
  </datafield>
</record>
</collection>